| 000 | 00497nam a2200193 a 4500 | ||
|---|---|---|---|
| 005 | 20240210063601.0 | ||
| 008 | 031008s1997 mx r 000 0 spa d | ||
| 020 | _a9681640098 | ||
| 035 | _aUPN01000129729 | ||
| 049 | _aI | ||
| 050 | 4 |
_aPZ90 M2.5 _bG6.3 |
|
| 100 | 1 | _aGomi, Taro | |
| 245 | 1 | 0 |
_aAdivina qué es / _cTari Gomi. |
| 260 |
_aMéxico : _bFCE, _cc1997. |
||
| 300 |
_a16 h. : _bil. col. |
||
| 534 |
_pTraducción de: _tGuess What? |
||
| 650 | 4 |
_aAdivinanzas _9114 |
|
| 905 | _aInfantil | ||
| 999 |
_c101886 _d101886 |
||